Legacies - Significant others - Statistics

General Stats
  • This quiz has been taken 133 times
  • The average score is 26 of 42
Answer Stats
Hint Answer % Correct
Hope Josie
96%
Landon Josie
96%
Rafael Josie
96%
Finch Josie
96%
Rafael Lizzie
96%
MG Lizzie
96%
Sebastian Lizzie
96%
Ethan Lizzie
96%
Hope Landon
95%
Josie Landon
95%
Josie Hope
89%
Landon Hope
89%
Raphael Hope
89%
Ethan Hope
89%
Kaleb Cleo
81%
Lizzie MG
78%
Cleo Kaleb
76%
Hope Rafael
74%
Lizzie Rafael
74%
Josie Rafael
74%
Hope Ethan
66%
Lizzie Ethan
66%
Lizzie Sebastian
65%
Josie Finch
57%
Josie Penelope
53%
MG Penelope
53%
MG Alyssa
43%
Jed Alyssa
43%
Jed Ben
39%
Hope Roman
39%
Alaric Emma
36%
Alaric Caroline
32%
Finch Maya
32%
Alaric Josette
31%
Rafael Cassie
22%
Josie Jade
22%
Cleo Leonardo DiVinci
22%
MG Kym
16%
MG Dana
15%
Clarke Trudy
15%
Sebastian Cassandra
14%
Alaric Sheriff Mac
11%
No matching quizzes found
Score Distribution
Percent of People with Each Score
Percentile by Number Answered
Your Score History
You have not taken this quiz